Campeonato Catarinense de Futebol 2025 - Statistics

Estatísticas Gerais
  • Esse quiz foi jogado 53 vezes
  • A pontuação média é 9 de 12
Estatísticas das Respostas
Cidade Clube % Correto
Chapecó Chapecoense
100%
Críciuma Criciuma
100%
Brusque Brusque
98%
Joinville Joinville
98%
Florianópolis Avaí
94%
Florianópolis Figueirense
92%
Concórdia Concordia
81%
Balneário Camboriu Barra
63%
Itajaí Marcílio Dias
60%
Tubarão Hercílio Luz
56%
Rio do Sul Santa Catarina
50%
Nova Veneza Caravaggio
35%
Nenhum quiz correspondente encontrado
Distribuição das Pontuações
Porcentagem de Pessoas com Cada Pontuação
Percentil de Números Respondidos
Sua Pontuação Histórica
Você não jogou esse quiz